Conferencias del primer congreso iberoamericano de historia de la educación 30 de noviembre, 1 y 2 de diciembre 1988
-д хадгалсан:
| Формат: | Ном |
|---|---|
| Хэл сонгох: | испани |
| Хэвлэсэн: |
Santiago
Facultad de Educación, Dpto. de Filosofía e Historia de la Educación
1989
|
| Цуврал: | Serie encuentros
|
| Нөхцлүүд: | |
| Шошгууд: |
Шошго нэмэх
Шошго байхгүй, Энэхүү баримтыг шошголох эхний хүн болох!
|
MARC
| LEADER | 00000nam a2200000 a 4500 | ||
|---|---|---|---|
| 001 | UCW4829 | ||
| 003 | CL-VaPUC | ||
| 008 | 900822e19890000CL |||||||||||||||||spa|d | ||
| 082 | 0 | 4 | |a 379.09 |b CON |2 21 |
| 245 | 1 | 0 | |a Conferencias del primer congreso iberoamericano de historia de la educación 30 de noviembre, 1 y 2 de diciembre 1988 |
| 300 | |a 312 p | ||
| 942 | |c BK | ||
| 945 | |d 19900822 00:00:00 | ||
| 260 | |a Santiago |b Facultad de Educación, Dpto. de Filosofía e Historia de la Educación |c 1989 | ||
| 650 | 0 | |a Historia de la educación |9 257642 | |
| 583 | |a last modification |c 20170913 01:20:08 |k Rodrigo Vera | ||
| 490 | 0 | |a Serie encuentros | |
| 999 | |c 218441 |d 218439 | ||
| 952 | |0 0 |1 0 |4 0 |6 379_090000000000000_CON_1989 |7 0 |8 A |9 207999 |a BIBEDU |b BIBEDU |d 2019-11-15 |i 2758490 |o 379.09 CON 1989 |p 2758490 |r 2019-11-15 |w 2019-11-15 |y BK |k EDU | ||